000 00484cam a22001931 4500
001 4062365
005 20180131095854.0
008 850327s1967 nyua 000 0 eng
010 _a 67013903
040 _aDLC/ICU
_cICU
_dDLC
041 _aeng
080 _a551.9 KRA
082 0 0 _a551.9 KRA
100 1 _a12
101 _aKIM
245 1 0 _aIntroduction to geochemistry
_c[by] Konrad B. Krauskopf.
906 _a7
_bcbc
_corignew
_du
_eocip
_f19
_gy-gencatlg
942 _2ddc
_cBK
999 _c41415
_d41415